Koran und Koranexegese
| Main Author: | |
|---|---|
| Corporate Author: | |
| Format: | Print Book |
| Language: | German |
| Subito Delivery Service: | Order now. |
| Check availability: | HBZ Gateway |
| Interlibrary Loan: | Interlibrary Loan for the Fachinformationsdienste (Specialized Information Services in Germany) |
| Published: |
Zürich [u. a.]
Artemis-Verlag
1971
|
| In: | Year: 1971 |
| Reviews: | [Rezension von: Gätje, Helmut, Koran und Koranexegese. (= Die Bibliothek des Morgenlandes)] (1973) (Gräf, E.)
|
| Series/Journal: | Die Bibliothek des Morgenlandes
|
| Standardized Subjects / Keyword chains: | B
Gätje, Helmut 1927-1986
/ Islam
/ Koran exegesis
/ Koran
|
| Further subjects: | B
Qurʼan
Criticism, interpretation, etc
B Qurʼan Commentaries History and criticism B Koran |
| Sammlungen: |
MARC
| LEADER | 00000cam a2200000 c 4500 | ||
|---|---|---|---|
| 001 | 02420482X | ||
| 003 | DE-627 | ||
| 005 | 20251219210734.0 | ||
| 007 | tu | ||
| 008 | 880127s1971 sz ||||| 00| ||ger c | ||
| 010 | |a 70870171 | ||
| 035 | |a (DE-627)02420482X | ||
| 035 | |a (DE-576)9024204828 | ||
| 035 | |a (DE-599)GBV02420482X | ||
| 040 | |a DE-627 |b ger |c DE-627 |e rda | ||
| 041 | |a ger | ||
| 044 | |c XA-CH |c XA-DE | ||
| 050 | 0 | |a BP130.45 | |
| 082 | 0 | |a 297.1226 |q OCLC | |
| 082 | 0 | |a 297.1226 | |
| 084 | |a 6,23 |a 1 |2 ssgn | ||
| 084 | |a 1 |2 ssgn | ||
| 084 | |a BE 8611 |2 rvk |0 (DE-625)rvk/10777: | ||
| 084 | |a 11.81 |2 bkl | ||
| 084 | |a 18.74 |2 bkl | ||
| 084 | |a 17.93 |2 bkl | ||
| 100 | 1 | |e VerfasserIn |0 (DE-588)1021419966 |0 (DE-627)691516219 |0 (DE-576)161046738 |4 aut |a Gätje, Helmut |d 1927-1986 | |
| 109 | |a Gätje, Helmut 1927-1986 |a Gaetje, Helmut 1927-1986 |a Ǧātyah, H. 1927-1986 |a Ǧātya, H. 1927-1986 | ||
| 245 | 1 | 0 | |a Koran und Koranexegese |c Helmut Gätje |
| 264 | 1 | |a Zürich [u. a.] |b Artemis-Verlag |c 1971 | |
| 300 | |a 400 Seiten |c 18 cm | ||
| 336 | |a Text |b txt |2 rdacontent | ||
| 337 | |a ohne Hilfsmittel zu benutzen |b n |2 rdamedia | ||
| 338 | |a Band |b nc |2 rdacarrier | ||
| 490 | 0 | |a Die Bibliothek des Morgenlandes | |
| 630 | 2 | 0 | |a Qurʼan |x Commentaries |x History and criticism |
| 630 | 2 | 0 | |a Qurʼan |x Criticism, interpretation, etc |
| 650 | 4 | |a Koran | |
| 689 | 0 | 0 | |d p |0 (DE-588)1021419966 |0 (DE-627)691516219 |0 (DE-576)161046738 |2 gnd |a Gätje, Helmut |d 1927-1986 |
| 689 | 0 | 1 | |d s |0 (DE-588)4027743-4 |0 (DE-627)106283499 |0 (DE-576)20897220X |2 gnd |a Islam |
| 689 | 0 | 2 | |d s |0 (DE-588)4184345-9 |0 (DE-627)105295779 |0 (DE-576)210025077 |2 gnd |a Tafsir |
| 689 | 0 | 3 | |d u |0 (DE-588)4032444-8 |0 (DE-627)10626186X |0 (DE-576)208996842 |a Koran |2 gnd |
| 689 | 0 | |5 (DE-627) | |
| 710 | 2 | |0 (DE-588)2005088-4 |0 (DE-627)101509472 |0 (DE-576)191606790 |4 oth |a Artemis Verlag | |
| 787 | 0 | 8 | |i Rezensiert in |a Gräf, E. |t [Rezension von: Gätje, Helmut, Koran und Koranexegese. (= Die Bibliothek des Morgenlandes)] |d 1973 |w (DE-627)1785676954 |
| 889 | |w (DE-627)404929184 | ||
| 889 | |w (DE-627)428816312 | ||
| 935 | |a JALB |a mteo | ||
| 936 | r | v | |a BE 8611 |b Koran: Texte und Kommentare, Konkordanzen |k Theologie und Religionswissenschaften |k Religionswissenschaft |k Religionsgeschichte |k Islam |k Quellen |k Koran: Texte und Kommentare, Konkordanzen |0 (DE-627)1270704508 |0 (DE-625)rvk/10777: |0 (DE-576)200704508 |
| 936 | b | k | |a 11.81 |j Koran |0 (DE-627)106404040 |
| 936 | b | k | |a 18.74 |j Arabische Sprache und Literatur |0 (DE-627)106415646 |
| 936 | b | k | |a 17.93 |j Literarische Stoffe |j literarische Motive |j literarische Themen |0 (DE-627)106404490 |
| 951 | |a BO | ||
| ELC | |b 1 | ||
| LOK | |0 000 xxxxxcx a22 zn 4500 | ||
| LOK | |0 001 4578078310 | ||
| LOK | |0 003 DE-627 | ||
| LOK | |0 004 02420482X | ||
| LOK | |0 005 20240909125704 | ||
| LOK | |0 008 240909||||||||||||||||ger||||||| | ||
| LOK | |0 040 |a DE-Tue135 |c DE-627 |d DE-Tue135 | ||
| LOK | |0 092 |o n | ||
| LOK | |0 852 |a DE-Tue135 | ||
| LOK | |0 852 1 |9 00 | ||
| LOK | |0 866 |x SPQUE#Johannes a Lasco Bibliothek | ||
| LOK | |0 935 |a JALB | ||
| LOK | |0 939 |a 09-09-24 |b l01 | ||
| ORI | |a SA-MARC-ixtheoa001.raw | ||
| REL | |a 1 | ||
| STA | 0 | 0 | |a Islam,Islam,Koran exegesis,Koran,Muḥammad,Kur'an,Qur'an |
| STB | 0 | 0 | |a Islam,Islam,Tafsîr |
| STC | 0 | 0 | |a Islam,Islam,Tafsir |
| STD | 0 | 0 | |a Islam,Islam,Tafsir |
| STE | 0 | 0 | |a 伊斯兰教,伊斯兰教,回教,回教,古兰经注释 |
| STF | 0 | 0 | |a 伊斯蘭教,伊斯蘭教,回教,回教,古蘭經注釋 |
| STG | 0 | 0 | |a Islã,Islã,Tafsir |
| STH | 0 | 0 | |a Ислам (мотив),Ислам,Тафсир |
| STI | 0 | 0 | |a Ισλάμ (μοτίβο),Ισλάμ,Ταφσίρ |
| SUB | |a REL | ||
| SYE | 0 | 0 | |a al- Qurʾān,Kur'ân,Qorān,Qor'ân,Qur'an,Qurʾān,Kuran,Kuran-ı kerim,al-Furqān,al- Furqān,al-Furqān,Koranio,al-Qurʾān,The Holy Qur'an,Gulanjing,Mushaf al-Madina an-nabawiyya al-murattal 'ala riwayat Hafs 'an Asim,al-Qurʾān al-karīm,Alcoranus Mahometicus,Coranus Arabice,Der Koran,Le Coran,The Qoran,The Holy Qurʾān,Il Corano,Qurʾān-i maǧīd,Qurʾān maǧīd,al-Muṣḥaf aš-šarīf,Muṣḥaf al-Madīna an-nabawiyya al-murattal ʿalā riwāyat Ḥafṣ ʿan Āṣim,Coran,al-Qur'an,Xuraan,القرآن,القرآن,ال فرقان,قرآن,古蘭經 |
| SYG | 0 | 0 | |a Gaetje, Helmut,1927-1986,Ǧātya, H.,1927-1986,Ǧātyah, H.,1927-1986 , Islam , Koranexegese,Koran,Tefsir , al- Qurʾān,Kur'ân,Qorān,Qor'ân,Qur'an,Qurʾān,Kuran,Kuran-ı kerim,al-Furqān,al- Furqān,al-Furqān,Koranio,al-Qurʾān,The Holy Qur'an,Gulanjing,Mushaf al-Madina an-nabawiyya al-murattal 'ala riwayat Hafs 'an Asim,al-Qurʾān al-karīm,Alcoranus Mahometicus,Coranus Arabice,Der Koran,Le Coran,The Qoran,The Holy Qurʾān,Il Corano,Qurʾān-i maǧīd,Qurʾān maǧīd,al-Muṣḥaf aš-šarīf,Muṣḥaf al-Madīna an-nabawiyya al-murattal ʿalā riwāyat Ḥafṣ ʿan Āṣim,Coran,al-Qur'an,Xuraan,القرآن,القرآن,ال فرقان,قرآن,古蘭經 |



